Harmonized Commodity Description and Coding System : Compendium Of Classification Opinions . (Record no. 4166)
[ view plain ]
| 000 -LEADER | |
|---|---|
| fixed length control field | 00761nam a2200217 a 4500 |
| 005 - DATE AND TIME OF LATEST TRANSACTION | |
| control field | 20241209122017.0 |
| 008 - FIXED-LENGTH DATA ELEMENTS--GENERAL INFORMATION | |
| fixed length control field | 170525s2012 be ||||| |||| 00| 0 eng d |
| 040 ## - CATALOGING SOURCE | |
| Original cataloging agency | AKMAL |
| 082 ## - DEWEY DECIMAL CLASSIFICATION NUMBER | |
| Classification number | 338.02012 WCO |
| 090 ## - LOCALLY ASSIGNED LC-TYPE CALL NUMBER (OCLC); LOCAL CALL NUMBER (RLIN) | |
| Classification number (OCLC) (R) ; Classification number, CALL (RLIN) (NR) | 338.02012 |
| Local cutter number (OCLC) ; Book number/undivided call number, CALL (RLIN) | WCO |
| 245 10 - TITLE STATEMENT | |
| Title | Harmonized Commodity Description and Coding System : Compendium Of Classification Opinions . |
| 250 ## - EDITION STATEMENT | |
| Edition statement | Third Edition. |
| 260 ## - PUBLICATION, DISTRIBUTION, ETC. | |
| Place of publication, distribution, etc. | Brussels: |
| Name of publisher, distributor, etc. | World Customs Organization, |
| Date of publication, distribution, etc. | 2012. |
| 300 ## - PHYSICAL DESCRIPTION | |
| Extent | various paging |
| Dimensions | 29cm |
| 500 ## - GENERAL NOTE | |
| General note | Contains -<br/>Volume 1 - Section I - XV<br/>Volume 2 - Section XVI - XXI |
| 650 10 - SUBJECT ADDED ENTRY--TOPICAL TERM | |
| Topical term or geographic name entry element | Tariff |
| Form subdivision | Terminology and classification. |
| 9 (RLIN) | 8133 |
| 650 20 - SUBJECT ADDED ENTRY--TOPICAL TERM | |
| Topical term or geographic name entry element | Commercial products |
| Form subdivision | Classification. |
| 9 (RLIN) | 8134 |
| 710 2# - ADDED ENTRY--CORPORATE NAME | |
| Corporate name or jurisdiction name as entry element | World Customs Organization |
| 9 (RLIN) | 5917 |
| 942 ## - ADDED ENTRY ELEMENTS (KOHA) | |
| Source of classification or shelving scheme | |
| Koha item type | Book |
| 950 ## - LOCAL HOLDINGS (RLIN) | |
| Permanent shelving location, LOC (RLIN) | AKMAL |
| Withdrawn status | Lost status | Source of classification or shelving scheme | Damaged status | Not for loan | Collection code | Home library | Current library | Shelving location | Date acquired | Total Checkouts | Full call number | Barcode | Date last seen | Price effective from | Koha item type | Source of acquisition | Inventory number |
|---|---|---|---|---|---|---|---|---|---|---|---|---|---|---|---|---|---|
| NON-FICTION | AKMAL Melaka | AKMAL Melaka | PINJAMAN | 25.05.2017 | 338.02012 WCO | 201705254 | 25.05.2017 | 25.05.2017 | Book | ||||||||
| NON-FICTION | AKMAL Melaka | AKMAL Melaka | PINJAMAN | 09.12.2024 | 338.02012 WCO | 201708276 | 09.12.2024 | 09.12.2024 | Book | Perolehan (Refined Contour SDN. BHD.) | 011576 (Vol. 1) (Seventh Edition | ||||||
| NON-FICTION | AKMAL Melaka | AKMAL Melaka | PINJAMAN | 09.12.2024 | 338.02012 WCO | 201708275 | 09.12.2024 | 09.12.2024 | Book | Perolehan (Refined Contour SDN. BHD.) | 011577 (Vol. 2) (Seventh Edition |
